000 00498nam a2200169Ia 4500
003 GCL
008 140319s9999 xx 000 0 ara d
040 _aGCL /
_cGCL
082 0 4 _a813.03
_bس ا
100 1 _aالسيد الشوربجى
245 1 0 _aاطول يوم فى تاريخ مصر : رواية /
_cالسيد الشوربجى
300 _a223 ص
490 _aروايات مصرية
_v0
650 0 4 _aالادب العربى
650 0 4 _aالقصص العربية
942 _2ddc
_cBK
999 _c46872
_d46872